Bytový dom

Saved in:
Bibliographic Details
Main Author: Vajciková, Katarína (Author)
Other Authors: Bosák, Lukáš (Thesis advisor)
Format: Manuscript Book
Language:Slovak
Published: 2024
Subjects:
Online Access:http://is.stuba.sk/zp/portal_zp.pl?podrobnosti=164944
https://opac.crzp.sk/?fn=detailBiblioForm&sid=F0082B7A009D1614B1C91EB883AC
Tags: Add Tag
No Tags, Be the first to tag this record!

MARC

LEADER 00000ntm a22000003a 4500
001 stuzp98810
003 SK-STU
005 20240916141803.8
007 ta
008 150427s2015----xo-----f-mn---000-0-slo-d
040 |a STU  |b slo 
041 0 |a slo 
100 1 |a Vajciková, Katarína  |u 010180  |4 aut  |U SvF Stavebná fakulta  |T SvF Katedra konštrukcií pozemných stavieb  |X 112091  |U V180  |Y 18  |7 112091 
242 0 1 |a Residential building  |y eng 
245 1 0 |a Bytový dom 
260 |c 2024 
650 4 |a záverečná práca  |2 slo 
650 4 |a bytový dom  |2 slo 
650 4 |a zelená strecha  |2 slo 
650 4 |a železobetón  |2 slo 
650 4 |a minerálna vlna  |2 slo 
650 4 |a apartment building  |2 eng 
650 4 |a bachelor thesis  |2 eng 
650 4 |a green roof  |2 eng 
650 4 |a reinforced concrete  |2 eng 
650 4 |a mineral wool  |2 eng 
700 1 |a Bosák, Lukáš  |u 010180  |k Z1  |4 ths  |U SvF Stavebná fakulta  |T SvF Katedra konštrukcií pozemných stavieb  |X 57762  |U V180  |Y 18  |7 A000057762 
856 4 |u http://is.stuba.sk/zp/portal_zp.pl?podrobnosti=164944 
856 4 |u https://opac.crzp.sk/?fn=detailBiblioForm&sid=F0082B7A009D1614B1C91EB883AC